LEADER 02081nam a2200313 i 4500 001 000000219253 003 CaOOAMICUS 005 20241106124808.0 008 130315s2012 it u000 u mul u 020 $a978-88-7988-582-9 040 $aSeMil$bita 110 2 $aFondazione Centro italiano di studi sull'Alto Medioevo .$0(OLS)http://semarc/name/199 245 10$aBizantini, Longobardi e Arabi in Puglia nell'Alto Medioevo :$batti del 20. congresso internazionale di studi sull'Alto Medioevo, Savelletri di Fasano (BR), 3-6 novembre 2011 /$c[Centro italiano di studi sull'Alto Medioevo, Spoleto]. 264 1$aSpoleto :$bCentro Italiano di studi sull'Alto Medioevo,$c2012. 300 $aXII, 706 p., [126] p. di tav. :$bill. ;$c26 cm 490 1 $aAtti dei congressi / Centro italiano di studi sull'Alto Medioevo ;$v20. 650 4$aPuglia - Storia - Medioevo.$0(OLS)http://semarc/subject/56622 650 4$aLongobardi - Italia meridionale - Puglia - Medioevo.$0(OLS)http://semarc/subject/56619 650 4$aBizantini - Italia meridionale - Puglia - Medioevo.$0(OLS)http://semarc/subject/56620 650 4$aArabi - Italia meridionale - Puglia - Medioevo.$0(OLS)http://semarc/subject/56621 711 2 $aCongresso internazionale di studi sull'Alto Medioevo <20. ; 2011 ; Savelletri di Fasano>.$0(OLS)http://semarc/name/77009 830 0$aAtti dei congressi / Centro italiano di studi sull'Alto Medioevo ;$v20.$0(OLS)http://semarc/title/307 850 $aSeMil 852 $aSeMil$W1$xVenegono$y1$m3TA C 20$j252129$B169618$CSeMilBibl$Z2$F180369 $81 961 $aSottoscrizione: Centro Italiano di Studi sull'Alto Medioevo 996 $6020$a978-88-7988-582-9$9(OLS)http://semarc/number/217299 996 $6245$aBizantini, Longobardi e Arabi in Puglia nell'Alto Medioevo :$batti del 20. congresso internazionale di studi sull'Alto Medioevo, Savelletri di Fasano (BR), 3-6 novembre 2011$9(OLS)http://semarc/title/314580 996 $6264$aSpoleto :$bCentro Italiano di studi sull'Alto Medioevo$9(OLS)http://semarc/publisher/30994 LEADER 01985nam a2200277 i 4500 001 000000227558 003 CaOOAMICUS 005 20230406084807.0 008 140228s1605 it u000 u ita u 026 $ai.mo rear e.ui cofr (3) 1605 (R) 040 $aSeMil$bita 100 0 $aGranada, Luis : de ,$c.$0(OLS)http://semarc/name/6103 245 13$aLa quarta parte dell'oratione, & meditatione del R.P.F. Luigi di Granata intitolata Specchio della vita humana, nella quale si pone molte considerationi per i sette giorni della settimana: & un trattato del S. Sacramento dell'altare, ... Tradotta dalla lingua Spagnuola per Camillo Camilli. 300 $a[8], 52 c. 500 $aFondo Bidoglio 500 $aMarca editoriale: Anfora inclinata da cui cadono gocce su una pianta. Sullo sfondo paesaggio e sole. In cornice figurata. Motto: A poco a poco. (Z76). 500 $aSegn.: a2 a-f8 g4 500 $aContiene anche con proprio front. a c. f1r : Breve confessionario del R.P.F. Francesco D'Evia, predicatore dell'ordine minore osseruante di San Francesco ... 700 1 $aCamilli, Camillo,$d.$0(OLS)http://semarc/name/78825 773 0 $aGranada, Luis : de $tPrima [-4.] parte dell'oratione, et meditatione, del R.P.F. Luigi Granata dell'Ordine de' predicatori: ... Nuovamente tradotta dalla lingua Spagnuola, per Gio Batista Porcacchi..$dIn Venetia : Presso Agostin Angelieri, 1605.$g4$w()12842 850 $aSeMil 852 $aSeMil$W1$xVenegono$y1$m2C II 43 FA$j177904$B177904$CSeMilBibl$Z2$F188780 $8I 941 1 $a2 961 $aLascito: Bidoglio don Maurizio 996 $6245$aLa quarta parte dell'oratione, & meditatione del R.P.F. Luigi di Granata intitolata Specchio della vita humana, nella quale si pone molte considerationi per i sette giorni della settimana: & un trattato del S. Sacramento dell'altare, ... Tradotta dalla lingua Spagnuola per Camillo Camilli$9(OLS)http://semarc/title/325675